| 000 | 00540nam a2200181Ia 4500 | ||
|---|---|---|---|
| 008 | 090630s9999 xx 000 0 und d | ||
| 082 | _b13899 | ||
| 100 | _aआवळे वामनराव. | ||
| 245 |
_aउघडा. _cआवळे वामनराव. |
||
| 260 |
_bश्रध्दा. _c1993 |
||
| 300 | _a144 | ||
| 600 | _aआवळे वामनराव. | ||
| 630 | _aउघडा. | ||
| 655 | _aकादंबरी. | ||
| 700 | _aआवळे वामनराव. | ||
| 730 | _aउघडा. | ||
| 942 | _cBOOK | ||
| 999 |
_c265755 _d265755 |
||